[Event "Titled Tuesday intern op 28th Dec"]
[Site "Chess.com INT"]
[Date "2021.12.28"]
[Round "6"]
[White "Ivanisevic, Ivan"]
[Black "Jodorcovsky Werjivker, Paulo"]
[Result "1-0"]
[WhiteElo "2599"]
[BlackElo "2213"]
[PlyCount "79"]
[EventDate "2021.12.28"]
[EventType "swiss (blitz)"]
[EventRounds "11"]
[EventCountry "USA"]
[SourceTitle "CBM 206 Extra"]
[Source "ChessBase"]
[SourceDate "2022.03.31"]
[SourceVersion "1"]
[SourceVersionDate "2022.03.31"]
[SourceQuality "1"]

1. d4 f5 2. Bg5 h6 3. Bh4 g5 4. e3 Nf6 5. Bg3 d6 6. Nc3 e6 7. h4 Rg8 8. hxg5 hxg5 9. Qd2 Qe7 10. O-O-O Nc6 11. f3 Bd7 12. e4 O-O-O 13. Bc4 Na5 14. Bd3 Nc6 15. e5 dxe5 16. dxe5 Nd5 17. Nxd5 exd5 18. f4 gxf4 19. Bxf4 Bg7 20. Nf3 Bxe5 21. Bg5 Bf6 22. Bxf6 Qxf6 23. Rh6 Rg6 24. Rdh1 Rdg8 25. a3 Be6 26. Bb5 Ne5 27. Nd4 Bd7 28. Be2 Nf7 29. Rxg6 Qxg6 30. Bf3 c6 31. Qa5 Kb8 32. Kb1 Qf6 33. Qd2 Rh8 34. Re1 Bc8 35. Qf4+ Ka8 36. c3 Qg5 37. Qc7 Nh6 38. Re7 Ng4 39. Nxc6 Rh1+ 40. Ka2 1-0

[Event "Titled Tuesday intern op 28th Dec"]
[Site "Chess.com INT"]
[Date "2021.12.28"]
[Round "6"]
[White "Kadam, Om Manish"]
[Black "Butti, Enrique"]
[Result "1-0"]
[WhiteElo "2114"]
[BlackElo "2065"]
[PlyCount "65"]
[EventDate "2021.12.28"]
[EventType "swiss (blitz)"]
[EventRounds "11"]
[EventCountry "USA"]
[SourceTitle "CBM 206 Extra"]
[Source "ChessBase"]
[SourceDate "2022.03.31"]
[SourceVersion "1"]
[SourceVersionDate "2022.03.31"]
[SourceQuality "1"]

1. e4 c5 2. Nf3 d6 3. d4 cxd4 4. Nxd4 Nf6 5. Nc3 a6 6. g3 e5 7. Nde2 b5 8. Bg2 Bb7 9. O-O Nbd7 10. h3 h5 11. a4 b4 12. Nd5 Nxd5 13. exd5 h4 14. g4 Be7 15. f4 exf4 16. Bxf4 Bg5 17. Nd4 Bxf4 18. Rxf4 Ne5 19. Qe2 O-O 20. Raf1 Rc8 21. Qf2 Qb6 22. Kh1 Rc4 23. b3 Rc5 24. Nf5 g6 25. Ne7+ Kg7 26. Qxh4 Qd8 27. Qf6+ Kh7 28. Be4 Re8 29. Qh4+ Kg7 30. Rxf7+ Nxf7 31. Rxf7+ Kxf7 32. Bxg6+ Kf8 33. Qf6# 1-0

[Event "Titled Tuesday intern op 28th Dec"]
[Site "Chess.com INT"]
[Date "2021.12.28"]
[Round "6"]
[White "Karavaeva, Olga"]
[Black "Potapova, Margarita"]
[Result "0-1"]
[WhiteElo "2260"]
[BlackElo "2257"]
[PlyCount "128"]
[EventDate "2021.12.28"]
[EventType "swiss (blitz)"]
[EventRounds "11"]
[EventCountry "USA"]
[SourceTitle "CBM 206 Extra"]
[Source "ChessBase"]
[SourceDate "2022.03.31"]
[SourceVersion "1"]
[SourceVersionDate "2022.03.31"]
[SourceQuality "1"]

1. c4 Nf6 2. Nc3 e6 3. e4 d5 4. e5 d4 5. exf6 dxc3 6. bxc3 Qxf6 7. d4 b6 8. Nf3 h6 9. Be2 Bb7 10. O-O Bd6 11. a4 a5 12. Ba3 Bxa3 13. Rxa3 O-O 14. Rb3 Bc6 15. Rb2 Nd7 16. Qc2 e5 17. h3 Rfe8 18. Rd1 Rad8 19. Nh2 Qg5 20. Bf3 e4 21. d5 exf3 22. Nxf3 Qf6 23. dxc6 Qxc6 24. Rd4 Nc5 25. Rb5 Qg6 26. Qxg6 fxg6 27. Rxd8 Rxd8 28. Ne5 g5 29. Nc6 Rd1+ 30. Kh2 Nxa4 31. c5 Nxc5 32. Nxa5 Ne4 33. Nc4 Nxc3 34. Rb3 Ne4 35. f3 Nc5 36. Ra3 b5 37. Ra8+ Kh7 38. Ne5 b4 39. Rc8 b3 40. Nc4 Na4 41. Rxc7 Rc1 42. Rb7 Rxc4 43. Rxb3 Nc5 44. Rb2 Nd7 45. Kg3 Nf6 46. Kf2 Nh5 47. Ra2 Nf4 48. Rd2 Rc1 49. Kg3 Re1 50. h4 Re2 51. Rxe2 Nxe2+ 52. Kf2 Nd4 53. hxg5 hxg5 54. Kg3 Ne6 55. Kg4 Kg6 56. g3 Nd4 57. f4 gxf4 58. gxf4 Nf5 59. Kf3 Kh5 60. Ke4 Kg4 61. Ke5 g6 62. Kf6 Kh5 63. Ke5 Nh4 64. Kf6 Kg4 0-1

[Event "Titled Tuesday intern op 28th Dec"]
[Site "Chess.com INT"]
[Date "2021.12.28"]
[Round "6"]
[White "Khripachenko, Alexander"]
[Black "Lenaerts, Lennert"]
[Result "1/2-1/2"]
[WhiteElo "2288"]
[BlackElo "2352"]
[PlyCount "151"]
[EventDate "2021.12.28"]
[EventType "swiss (blitz)"]
[EventRounds "11"]
[EventCountry "USA"]
[SourceTitle "CBM 206 Extra"]
[Source "ChessBase"]
[SourceDate "2022.03.31"]
[SourceVersion "1"]
[SourceVersionDate "2022.03.31"]
[SourceQuality "1"]

1. e4 e5 2. Nf3 Nc6 3. Bb5 a6 4. Ba4 Nf6 5. O-O Be7 6. Re1 b5 7. Bb3 O-O 8. a4 Bb7 9. Nc3 b4 10. Nd5 Na5 11. Nxf6+ Bxf6 12. Bd5 c6 13. Ba2 Qb6 14. d3 c5 15. Be3 d6 16. Nd2 Rab8 17. Qg4 g6 18. f4 exf4 19. Qxf4 Bxb2 20. Rab1 Bg7 21. Kh1 Qc7 22. Rf1 Nc6 23. Qh4 Nd4 24. Bxd4 cxd4 25. Bc4 Bc8 26. Rf2 a5 27. Rbf1 Be6 28. Qg5 Bxc4 29. Nxc4 b3 30. cxb3 Rxb3 31. Qd5 Rbb8 32. Nxd6 Rbd8 33. Nb5 Rxd5 34. Nxc7 Rc5 35. Nd5 Be5 36. g3 Kg7 37. Rb1 f5 38. Rb7+ Rf7 39. Rxf7+ Kxf7 40. Kg2 Ke6 41. Nf4+ Bxf4 42. exf5+ gxf5 43. gxf4 Rc3 44. Re2+ Kf6 45. Re5 Rxd3 46. Rxa5 h5 47. Rd5 h4 48. a5 h3+ 49. Kf2 Ke6 50. Re5+ Kf6 51. Rd5 Ra3 52. Rxd4 Rxa5 53. Rd6+ Kg7 54. Kg3 Ra3+ 55. Kh4 Rf3 56. Kg5 Rf2 57. Rd7+ Kf8 58. Kxf5 Rxh2 59. Kf6 Ke8 60. Rh7 Rf2 61. f5 h2 62. Rh8+ Kd7 63. Rh7+ Kd6 64. Rh8 Kd5 65. Rh4 Rg2 66. Kf7 Ke5 67. f6 Rf2 68. Rh5+ Kf4 69. Ke8 Kg4 70. Rh8 Re2+ 71. Kd7 Kg3 72. f7 Rd2+ 73. Ke8 Re2+ 74. Kd7 Rf2 75. Ke8 Re2+ 76. Kd7 1/2-1/2

[Event "Titled Tuesday intern op 28th Dec"]
[Site "Chess.com INT"]
[Date "2021.12.28"]
[Round "6"]
[White "Kim, Sergey2"]
[Black "Bach, Matthias"]
[Result "1-0"]
[WhiteElo "2295"]
[BlackElo "2243"]
[PlyCount "51"]
[EventDate "2021.12.28"]
[EventType "swiss (blitz)"]
[EventRounds "11"]
[EventCountry "USA"]
[SourceTitle "CBM 206 Extra"]
[Source "ChessBase"]
[SourceDate "2022.03.31"]
[SourceVersion "1"]
[SourceVersionDate "2022.03.31"]
[SourceQuality "1"]

1. d4 Nf6 2. c4 c5 3. d5 e6 4. Nc3 exd5 5. cxd5 d6 6. e4 g6 7. Nge2 Bg7 8. Ng3 O-O 9. Be2 h5 10. Bg5 Nbd7 11. O-O a6 12. a4 Qb6 13. Qd2 Nh7 14. Bh4 Re8 15. f4 Bd4+ 16. Kh1 Ndf6 17. e5 Ng4 18. e6 fxe6 19. dxe6 Bxe6 20. f5 Be3 21. Qd3 Qxb2 22. fxe6 Nf2+ 23. Rxf2 Qxa1+ 24. Rf1 Qxf1+ 25. Nxf1 Rxe6 26. Nxe3 1-0

[Event "Titled Tuesday intern op 28th Dec"]
[Site "Chess.com INT"]
[Date "2021.12.28"]
[Round "6"]
[White "Kislinsky, Alexey"]
[Black "Nikologorskiy, Konstantin"]
[Result "1-0"]
[WhiteElo "2351"]
[BlackElo "2413"]
[PlyCount "121"]
[EventDate "2021.12.28"]
[EventType "swiss (blitz)"]
[EventRounds "11"]
[EventCountry "USA"]
[SourceTitle "CBM 206 Extra"]
[Source "ChessBase"]
[SourceDate "2022.03.31"]
[SourceVersion "1"]
[SourceVersionDate "2022.03.31"]
[SourceQuality "1"]

1. e4 c5 2. c3 d5 3. exd5 Qxd5 4. d4 Nf6 5. Nf3 Bg4 6. Nbd2 e6 7. h3 Bh5 8. Bc4 Qd6 9. Qb3 Qc7 10. g4 Bg6 11. g5 Ne4 12. Ne5 Nxd2 13. Bxd2 Nc6 14. Nxg6 hxg6 15. dxc5 Bxc5 16. O-O-O O-O-O 17. Bb5 Ne5 18. Be3 Bxe3+ 19. fxe3 Qc5 20. Rd4 a6 21. Be2 Nc6 22. Bf3 Rxd4 23. exd4 Qxg5+ 24. Kd1 Qe3 25. Be2 Rxh3 26. Re1 Rg3 27. Bxa6 Qf3+ 28. Be2 Qf2 29. Qa3 Rg1 30. Rxg1 Qxg1+ 31. Kc2 Qf2 32. Kd1 Qf6 33. Qf8+ Kc7 34. b4 Nd8 35. Qc5+ Kd7 36. Bb5+ Nc6 37. Qb6 Qf3+ 38. Kc2 Ke7 39. Qxb7+ Kd6 40. Qxc6+ Qxc6 41. Bxc6 Kxc6 42. c4 g5 43. Kd3 f5 44. a4 g4 45. Ke3 g5 46. a5 f4+ 47. Kf2 g3+ 48. Kg2 g4 49. b5+ Kc7 50. c5 Kb8 51. a6 Ka7 52. c6 Kb6 53. Kg1 f3 54. Kf1 g2+ 55. Kf2 g1=Q+ 56. Kxg1 g3 57. Kf1 f2 58. Kg2 Kxb5 59. c7 Kc4 60. c8=Q+ Kd3 61. Qxe6 1-0

[Event "Titled Tuesday intern op 28th Dec"]
[Site "Chess.com INT"]
[Date "2021.12.28"]
[Round "6"]
[White "Kleiman, Jake"]
[Black "Bayo Milagro, Alvaro"]
[Result "1-0"]
[WhiteElo "2399"]
[BlackElo "2280"]
[PlyCount "77"]
[EventDate "2021.12.28"]
[EventType "swiss (blitz)"]
[EventRounds "11"]
[EventCountry "USA"]
[SourceTitle "CBM 206 Extra"]
[Source "ChessBase"]
[SourceDate "2022.03.31"]
[SourceVersion "1"]
[SourceVersionDate "2022.03.31"]
[SourceQuality "1"]

1. e4 e5 2. Nf3 Nc6 3. Bc4 Nf6 4. d3 Bc5 5. O-O d6 6. c3 a5 7. Bb3 O-O 8. h3 h6 9. Nbd2 Be6 10. Bc2 Ba7 11. Re1 Ne7 12. Nf1 Ng6 13. Ng3 b5 14. d4 c6 15. Be3 Bb6 16. Qd2 Kh7 17. Rad1 Re8 18. Qc1 Qc7 19. Nf5 Bxf5 20. exf5 Nf8 21. dxe5 Bxe3 22. Qxe3 dxe5 23. g4 Kg8 24. g5 Nd5 25. Rxd5 cxd5 26. gxh6 f6 27. Kh1 Nh7 28. Bb3 Rad8 29. a3 Re7 30. Nd4 exd4 31. Qxe7 Qxe7 32. Rxe7 gxh6 33. cxd4 Ng5 34. Kg2 Kf8 35. Rb7 Ne4 36. Rxb5 Rc8 37. Rxd5 Rc1 38. Rxa5 Rb1 39. Bc2 1-0

[Event "Titled Tuesday intern op 28th Dec"]
[Site "Chess.com INT"]
[Date "2021.12.28"]
[Round "6"]
[White "Korchmar, Vasiliy"]
[Black "Abdrlauf, Elham"]
[Result "0-1"]
[WhiteElo "2450"]
[BlackElo "2350"]
[PlyCount "58"]
[EventDate "2021.12.28"]
[EventType "swiss (blitz)"]
[EventRounds "11"]
[EventCountry "USA"]
[SourceTitle "CBM 206 Extra"]
[Source "ChessBase"]
[SourceDate "2022.03.31"]
[SourceVersion "1"]
[SourceVersionDate "2022.03.31"]
[SourceQuality "1"]

1. e4 c6 2. d4 d5 3. e5 c5 4. dxc5 e6 5. Be3 Nd7 6. Bb5 Ne7 7. c3 Nc6 8. b4 Ndxe5 9. Nf3 Nxf3+ 10. Qxf3 Be7 11. Nd2 O-O 12. O-O Bf6 13. Rac1 e5 14. Rfd1 Be6 15. Nc4 Qd7 16. h3 e4 17. Qg3 Qe7 18. Bxc6 bxc6 19. Nd6 a5 20. a3 axb4 21. axb4 Ra3 22. Bd4 Bxd4 23. Rxd4 f5 24. Qe5 Rf6 25. c4 Rg6 26. Nxf5 Qg5 27. Qb8+ Kf7 28. Nd6+ Ke7 29. Qe8+ Kf6 0-1

[Event "Titled Tuesday intern op 28th Dec"]
[Site "Chess.com INT"]
[Date "2021.12.28"]
[Round "6"]
[White "Kucuksari, Kaan"]
[Black "Svane, Frederik"]
[Result "1-0"]
[WhiteElo "2337"]
[BlackElo "2493"]
[PlyCount "115"]
[EventDate "2021.12.28"]
[EventType "swiss (blitz)"]
[EventRounds "11"]
[EventCountry "USA"]
[SourceTitle "CBM 206 Extra"]
[Source "ChessBase"]
[SourceDate "2022.03.31"]
[SourceVersion "1"]
[SourceVersionDate "2022.03.31"]
[SourceQuality "1"]

1. d4 Nf6 2. c4 e6 3. g3 d5 4. Nf3 Bb4+ 5. Bd2 Be7 6. Bg2 O-O 7. O-O c6 8. Qc2 b6 9. Bf4 Nbd7 10. Rd1 Bb7 11. Ne5 Nh5 12. Bd2 Nhf6 13. Bf4 Nh5 14. Bd2 Nhf6 15. cxd5 cxd5 16. Nc6 Qe8 17. Nxe7+ Qxe7 18. Nc3 Rfc8 19. e3 Ne4 20. Be1 Ndf6 21. Qb3 Nd6 22. Rdc1 Qd7 23. Bf1 Nfe4 24. h4 Rc7 25. Nb5 Nxb5 26. Bxb5 Qd8 27. a4 Rac8 28. Rxc7 Qxc7 29. a5 h6 30. a6 Ba8 31. Bd3 Qd7 32. Qd1 Rc7 33. Rc1 Qc8 34. Rxc7 Qxc7 35. b4 Bc6 36. Kg2 Nd6 37. Qe2 Qd7 38. Bb1 Bb5 39. Qc2 f5 40. g4 Bxa6 41. f3 Bc4 42. Bg3 a5 43. bxa5 bxa5 44. Qc3 Qb5 45. Bc2 Nb7 46. gxf5 exf5 47. Bxf5 Qb3 48. Be6+ Kf8 49. Qd2 a4 50. Bc8 a3 51. e4 a2 52. Qf4+ Kg8 53. Be6+ Kh7 54. Qf5+ Kh8 55. Qf8+ Kh7 56. Bf5+ g6 57. Qf7+ Kh8 58. Be5# 1-0

[Event "Titled Tuesday intern op 28th Dec"]
[Site "Chess.com INT"]
[Date "2021.12.28"]
[Round "6"]
[White "Leve, Nitai D"]
[Black "Koridze, Lile"]
[Result "1-0"]
[WhiteElo "2128"]
[BlackElo "2001"]
[PlyCount "129"]
[EventDate "2021.12.28"]
[EventType "swiss (blitz)"]
[EventRounds "11"]
[EventCountry "USA"]
[SourceTitle "CBM 206 Extra"]
[Source "ChessBase"]
[SourceDate "2022.03.31"]
[SourceVersion "1"]
[SourceVersionDate "2022.03.31"]
[SourceQuality "1"]

1. e4 c5 2. Nf3 d6 3. d4 cxd4 4. Qxd4 Nc6 5. Bb5 Bd7 6. Bxc6 Bxc6 7. Nc3 Nf6 8. Bg5 e5 9. Qd3 Be7 10. O-O-O Qa5 11. Bxf6 Bxf6 12. Kb1 Rd8 13. Nd2 b5 14. Nd5 Bxd5 15. Qxd5 O-O 16. Nc4 Qc7 17. Ne3 Rd7 18. Qxb5 Rc8 19. Rd2 Bg5 20. Nd5 Qd8 21. Rd3 Rb8 22. Qa4 Rdb7 23. b3 a5 24. h4 Bh6 25. g4 Bf4 26. g5 Qd7 27. Qxd7 Rxd7 28. Nxf4 exf4 29. Rhd1 Rbd8 30. Rd5 a4 31. Rf5 axb3 32. axb3 Kf8 33. Rxf4 Ra7 34. Rf3 Ke7 35. Rfd3 Ke6 36. f4 f6 37. gxf6 gxf6 38. f5+ Ke5 39. Rd5+ Kxe4 40. Rxd6 Rxd6 41. Rxd6 Kxf5 42. b4 Ke5 43. Rd8 f5 44. Rf8 Rb7 45. c3 f4 46. Kc2 Ke4 47. Kb3 f3 48. c4 Ke3 49. c5 Re7 50. b5 f2 51. c6 Ke2 52. Rxf2+ Kxf2 53. Kc4 Re4+ 54. Kd5 Rxh4 55. c7 Rh5+ 56. Kd6 Rxb5 57. c8=Q Rb2 58. Qf5+ Kg2 59. Qg5+ Kh3 60. Qh5+ Kg2 61. Qg5+ Kh3 62. Qh6+ Kg2 63. Qg7+ Kf1 64. Qxb2 h5 65. Qh2 1-0

[Event "Titled Tuesday intern op 28th Dec"]
[Site "Chess.com INT"]
[Date "2021.12.28"]
[Round "6"]
[White "Makhmudov, Shukhrat"]
[Black "Sviridova, Vlada"]
[Result "0-1"]
[WhiteElo "2115"]
[BlackElo "2144"]
[PlyCount "108"]
[EventDate "2021.12.28"]
[EventType "swiss (blitz)"]
[EventRounds "11"]
[EventCountry "USA"]
[SourceTitle "CBM 206 Extra"]
[Source "ChessBase"]
[SourceDate "2022.03.31"]
[SourceVersion "1"]
[SourceVersionDate "2022.03.31"]
[SourceQuality "1"]

1. e4 e6 2. Nf3 d5 3. e5 c5 4. b4 cxb4 5. a3 Nc6 6. axb4 Bxb4 7. c3 Be7 8. d4 f6 9. Bb5 Bd7 10. O-O f5 11. Bd3 Nh6 12. Bxh6 gxh6 13. Nfd2 O-O 14. Qh5 Rf7 15. f4 Bf8 16. Rf3 Qe7 17. Na3 a6 18. Nb5 Rg7 19. Nd6 Bc8 20. Nb3 Rg6 21. Nc5 Qg7 22. Ra2 b6 23. Ne8 Qf7 24. Nf6+ Rxf6 25. Rg3+ Kh8 26. Qh4 Rg6 27. Nxa6 Bxa6 28. Rxa6 Rxa6 29. Bxa6 Rxg3 30. hxg3 Qg7 31. Be2 Be7 32. Qh5 Qf8 33. Bb5 Na5 34. Bd7 Qg8 35. Kh2 Nc4 36. Qxh6 Ne3 37. Qxe6 Qxe6 38. Bxe6 Kg7 39. Kg1 Kf8 40. Kf2 Nd1+ 41. Ke2 Nxc3+ 42. Kd3 Ne4 43. Bxf5 Nxg3 44. Bxh7 Kg7 45. f5 Kxh7 46. f6 Bxf6 47. exf6 Kg6 48. Kc3 Kxf6 49. Kb4 Ne4 50. Kb5 Kf5 51. Kc6 Nc3 52. Kxb6 Kf4 53. Kc5 Kg3 54. Kb4 Ne4 0-1

[Event "Titled Tuesday intern op 28th Dec"]
[Site "Chess.com INT"]
[Date "2021.12.28"]
[Round "6"]
[White "Maksimovic, Bojan"]
[Black "Cramling Bellon, Anna"]
[Result "1-0"]
[WhiteElo "2451"]
[BlackElo "2057"]
[PlyCount "27"]
[EventDate "2021.12.28"]
[EventType "swiss (blitz)"]
[EventRounds "11"]
[EventCountry "USA"]
[SourceTitle "CBM 206 Extra"]
[Source "ChessBase"]
[SourceDate "2022.03.31"]
[SourceVersion "1"]
[SourceVersionDate "2022.03.31"]
[SourceQuality "1"]

1. e4 c5 2. Nf3 Nf6 3. e5 Nd5 4. Nc3 Nxc3 5. dxc3 d6 6. Bf4 Nc6 7. exd6 exd6 8. Qe2+ Be7 9. O-O-O O-O 10. h3 Be6 11. Qd2 Qa5 12. a3 Rfd8 13. c4 Ne5 14. Qxa5 1-0

[Event "Titled Tuesday intern op 28th Dec"]
[Site "Chess.com INT"]
[Date "2021.12.28"]
[Round "6"]
[White "Maly, Alexey"]
[Black "Khabinets, Ivan"]
[Result "1/2-1/2"]
[WhiteElo "2368"]
[BlackElo "1980"]
[PlyCount "48"]
[EventDate "2021.12.28"]
[EventType "swiss (blitz)"]
[EventRounds "11"]
[EventCountry "USA"]
[SourceTitle "CBM 206 Extra"]
[Source "ChessBase"]
[SourceDate "2022.03.31"]
[SourceVersion "1"]
[SourceVersionDate "2022.03.31"]
[SourceQuality "1"]

1. d4 Nf6 2. c4 e6 3. Nf3 d5 4. e3 Be7 5. Nbd2 a6 6. Bd3 O-O 7. O-O dxc4 8. Nxc4 c5 9. dxc5 Bxc5 10. a3 Nc6 11. b4 Be7 12. Bb2 b5 13. Nce5 Nxe5 14. Nxe5 Bb7 15. Qe2 Rc8 16. Rac1 Qd5 17. f3 Bd6 18. e4 Qb3 19. Kh1 Rxc1 20. Rxc1 Rc8 21. Rxc8+ Bxc8 22. Qc2 Qxc2 23. Bxc2 Nd7 24. Nxd7 Bxd7 1/2-1/2

[Event "Titled Tuesday intern op 28th Dec"]
[Site "Chess.com INT"]
[Date "2021.12.28"]
[Round "6"]
[White "Mammadov, Zaur Fazahir Oglu"]
[Black "Levitsky, Andrey"]
[Result "1-0"]
[WhiteElo "2417"]
[BlackElo "2329"]
[PlyCount "75"]
[EventDate "2021.12.28"]
[EventType "swiss (blitz)"]
[EventRounds "11"]
[EventCountry "USA"]
[SourceTitle "CBM 206 Extra"]
[Source "ChessBase"]
[SourceDate "2022.03.31"]
[SourceVersion "1"]
[SourceVersionDate "2022.03.31"]
[SourceQuality "1"]

1. e4 e6 2. d4 d5 3. e5 c5 4. c3 Qb6 5. Nf3 Nc6 6. Na3 cxd4 7. cxd4 Bb4+ 8. Bd2 Nh6 9. Nc2 Bxd2+ 10. Qxd2 Qxb2 11. Bd3 Bd7 12. O-O Qb6 13. Rab1 Qc7 14. Qg5 O-O 15. Qh5 Ne7 16. Ne3 Ng6 17. Rfc1 Qd8 18. g3 Rc8 19. Rxc8 Qxc8 20. h4 Qc3 21. Rd1 Ba4 22. Rd2 Rc8 23. Qg5 Qc7 24. h5 Nf8 25. Qf4 Qe7 26. g4 Kh8 27. g5 Ng8 28. Ng4 a6 29. Kg2 Nd7 30. g6 fxg6 31. hxg6 Rf8 32. Qg3 Nh6 33. Nxh6 gxh6 34. gxh7 Qf7 35. Nh4 Qg7 36. Ng6+ Kxh7 37. Nxf8+ Kg8 38. Qxg7+ 1-0

[Event "Titled Tuesday intern op 28th Dec"]
[Site "Chess.com INT"]
[Date "2021.12.28"]
[Round "6"]
[White "Manukian, Artak"]
[Black "Hardaway, Brewington"]
[Result "1/2-1/2"]
[WhiteElo "2196"]
[BlackElo "2207"]
[PlyCount "121"]
[EventDate "2021.12.28"]
[EventType "swiss (blitz)"]
[EventRounds "11"]
[EventCountry "USA"]
[SourceTitle "CBM 206 Extra"]
[Source "ChessBase"]
[SourceDate "2022.03.31"]
[SourceVersion "1"]
[SourceVersionDate "2022.03.31"]
[SourceQuality "1"]

1. e4 c5 2. Nf3 d6 3. Bb5+ Bd7 4. Bxd7+ Qxd7 5. c4 g6 6. d4 cxd4 7. Nxd4 Bg7 8. Nc3 Nc6 9. Be3 Nf6 10. f3 O-O 11. Qd2 Rac8 12. b3 a6 13. a4 Rfd8 14. Kf2 Nh5 15. Rhd1 f5 16. exf5 gxf5 17. Nxc6 bxc6 18. Kg1 f4 19. Bd4 e5 20. Bb6 Re8 21. Qxd6 Qxd6 22. Rxd6 e4 23. Bd4 Bf8 24. Nxe4 Rxe4 25. fxe4 Bxd6 26. c5 Be7 27. b4 Rd8 28. Be5 Re8 29. Rc1 Bg5 30. Bd6 Rxe4 31. b5 axb5 32. axb5 cxb5 33. c6 Re8 34. c7 Rc8 35. Rc5 h6 36. h4 Bxh4 37. Rxh5 Bg5 38. Rh3 Kf7 39. Rf3 Ke6 40. Bxf4 Bxf4 41. Rxf4 Rxc7 42. Rh4 Rh7 43. Rh5 Rb7 44. Rxh6+ Kf5 45. Rh3 b4 46. Rb3 Ke4 47. Kf2 Kd4 48. g4 Kc4 49. Rb1 b3 50. Kf3 Rf7+ 51. Ke4 Kc3 52. g5 Rf2 53. g6 Kc2 54. Rg1 Rf8 55. g7 Rg8 56. Kf5 b2 57. Kf6 b1=Q 58. Rxb1 Kxb1 59. Kf7 Rb8 60. g8=Q Rxg8 61. Kxg8 1/2-1/2

[Event "Titled Tuesday intern op 28th Dec"]
[Site "Chess.com INT"]
[Date "2021.12.28"]
[Round "6"]
[White "Manukyan, Sargis V"]
[Black "Begunov, Konstantin"]
[Result "1-0"]
[WhiteElo "2253"]
[BlackElo "2325"]
[PlyCount "89"]
[EventDate "2021.12.28"]
[EventType "swiss (blitz)"]
[EventRounds "11"]
[EventCountry "USA"]
[SourceTitle "CBM 206 Extra"]
[Source "ChessBase"]
[SourceDate "2022.03.31"]
[SourceVersion "1"]
[SourceVersionDate "2022.03.31"]
[SourceQuality "1"]

1. d4 d5 2. c4 c6 3. Nf3 Nf6 4. e3 a6 5. b3 Bg4 6. Bb2 e6 7. Nbd2 Nbd7 8. Bd3 Bd6 9. Qc2 Qe7 10. O-O O-O 11. Ne5 Bh5 12. Rae1 Rac8 13. c5 Bb8 14. f4 Bg6 15. Nxg6 hxg6 16. Nf3 Ng4 17. h3 Nh6 18. g4 f5 19. g5 Nf7 20. b4 Nd8 21. Kg2 Kf7 22. Rh1 Rh8 23. h4 Ke8 24. Rh3 Nf7 25. Reh1 Rh5 26. a4 Qd8 27. Ba3 Qc7 28. Be2 b5 29. cxb6 Qxb6 30. a5 Qb7 31. Qd3 Bd6 32. Qxa6 Rb8 33. Qxb7 Rxb7 34. Rb1 Ke7 35. Rhh1 Rh8 36. Rhc1 Rhb8 37. Rxc6 Bxb4 38. a6 Nd8 39. axb7 Nxc6 40. Bxb4+ Nxb4 41. Rxb4 Kd6 42. Ne5 Nxe5 43. fxe5+ Kc6 44. h5 Rf8 45. b8=Q 1-0

[Event "Titled Tuesday intern op 28th Dec"]
[Site "Chess.com INT"]
[Date "2021.12.28"]
[Round "6"]
[White "Mirza, Diana"]
[Black "Grot, Blazej"]
[Result "0-1"]
[WhiteElo "1898"]
[BlackElo "1822"]
[PlyCount "70"]
[EventDate "2021.12.28"]
[EventType "swiss (blitz)"]
[EventRounds "11"]
[EventCountry "USA"]
[SourceTitle "CBM 206 Extra"]
[Source "ChessBase"]
[SourceDate "2022.03.31"]
[SourceVersion "1"]
[SourceVersionDate "2022.03.31"]
[SourceQuality "1"]

1. e4 c5 2. Nf3 e6 3. d4 cxd4 4. Nxd4 Nc6 5. Nc3 Qc7 6. Be3 a6 7. Qd2 Nf6 8. f3 Bb4 9. a3 Bxc3 10. bxc3 d5 11. exd5 Nxd5 12. Nxc6 Qxc6 13. c4 Nxe3 14. Qxe3 O-O 15. Bd3 b5 16. cxb5 Qc3+ 17. Kf2 Qf6 18. bxa6 Bxa6 19. Bxa6 Rxa6 20. Rhb1 Rc8 21. Qd3 g6 22. Kg1 Rac6 23. Ra2 Rc3 24. Qe4 Qg5 25. Rab2 h5 26. Rb8 h4 27. Qa8 Qd8 28. Rxc8 Rxc8 29. Qe4 h3 30. gxh3 Qg5+ 31. Qg4 Qe3+ 32. Kh1 Rxc2 33. Rb8+ Kg7 34. Rb1 Qf2 35. Qf4 Qg2# 0-1

[Event "Titled Tuesday intern op 28th Dec"]
[Site "Chess.com INT"]
[Date "2021.12.28"]
[Round "6"]
[White "Myradow, Soltan"]
[Black "Toolin, Christopher"]
[Result "0-1"]
[WhiteElo "2233"]
[BlackElo "2146"]
[PlyCount "130"]
[EventDate "2021.12.28"]
[EventType "swiss (blitz)"]
[EventRounds "11"]
[EventCountry "USA"]
[SourceTitle "CBM 206 Extra"]
[Source "ChessBase"]
[SourceDate "2022.03.31"]
[SourceVersion "1"]
[SourceVersionDate "2022.03.31"]
[SourceQuality "1"]

1. d4 Nf6 2. Nf3 e6 3. c4 d5 4. g3 Be7 5. Bg2 dxc4 6. Ne5 Nbd7 7. Nxc4 c5 8. dxc5 Nxc5 9. O-O O-O 10. Nc3 a6 11. a3 Ra7 12. b4 b5 13. Ne5 Qc7 14. Nf3 Nce4 15. Nxe4 Nxe4 16. Bb2 Rd8 17. Qb3 Bf6 18. Rac1 Qe7 19. Bxf6 Qxf6 20. e3 Rad7 21. Rfd1 Bb7 22. Rxd7 Rxd7 23. Nd4 Qxf2+ 24. Kh1 Qxg2+ 25. Kxg2 Nd2+ 26. Kf2 Nxb3 27. Nxb3 g5 28. Nc5 Rc7 29. Rd1 Kg7 30. Rd6 Bd5 31. e4 Bc4 32. Rxa6 Rc8 33. Ra7 Rd8 34. Ke3 Kf6 35. Nd7+ Kg7 36. Ne5 Rd1 37. Rxf7+ Kh6 38. h3 Re1+ 39. Kd2 Rxe4 40. Ng4+ Kg6 41. Re7 h5 42. Ne3 Bd5 43. Nxd5 exd5 44. Rb7 h4 45. gxh4 Rxh4 46. Rxb5 Rxh3 47. a4 Ra3 48. a5 d4 49. Rd5 g4 50. Rxd4 g3 51. Ke2 Ra2+ 52. Kf3 g2 53. Rg4+ Kf5 54. Rxg2 Ra3+ 55. Kf2 Kf4 56. Rg8 Ra2+ 57. Ke1 Rb2 58. a6 Ra2 59. b5 Ke3 60. Kf1 Ra5 61. b6 Kf3 62. Kg1 Ra1+ 63. Kh2 Ra2+ 64. Kh3 Rxa6 65. b7 Rh6# 0-1

[Event "Titled Tuesday intern op 28th Dec"]
[Site "Chess.com INT"]
[Date "2021.12.28"]
[Round "6"]
[White "Nastore, Pavel Alexandru"]
[Black "Loy, Konstantin"]
[Result "0-1"]
[WhiteElo "2329"]
[BlackElo "2268"]
[PlyCount "50"]
[EventDate "2021.12.28"]
[EventType "swiss (blitz)"]
[EventRounds "11"]
[EventCountry "USA"]
[SourceTitle "CBM 206 Extra"]
[Source "ChessBase"]
[SourceDate "2022.03.31"]
[SourceVersion "1"]
[SourceVersionDate "2022.03.31"]
[SourceQuality "1"]

1. e4 c5 2. Nf3 d6 3. d4 cxd4 4. Nxd4 Nf6 5. Nc3 g6 6. Be3 Bg7 7. f3 O-O 8. Qd2 Nc6 9. O-O-O Bd7 10. g4 Rc8 11. h4 Ne5 12. h5 Qa5 13. Bh6 Bxh6 14. Qxh6 Rxc3 15. bxc3 Qxc3 16. Nb3 Rc8 17. Rd2 Nxf3 18. Rg2 Ne1 19. hxg6 fxg6 20. g5 Nxg2 21. Bd3 Qxd3 22. Nd4 Qxd4 23. gxf6 Qe3+ 24. Qxe3 Nxe3 25. fxe7 Re8 0-1